MDQL
is popping MORE tags! Check the
thread
!
Quizzes
Events
Quiz Creation
Community
Videos
Private Events
Remove Ads
Sign In
Join for FREE
Feedback
Dark Mode
Quiz Categories
Sports
Geography
Music
Movies
Television
Just For Fun
Miscellaneous
History
Literature
Language
Science
Gaming
Entertainment
Religion
Holiday
For Kids
Quiz Lab
Recent
Popular Today
Quiz Kudos Today
Editor Picks
Curator Picks
Quizzes by...
Day
Popularity
Type
Ratings
Length
Year
Community
Subscriptions
Recent Discussions
Orange Saloon
Badges
Playlists
Quests
Create
Leaderboards
Showdown
Live 5
Trivia Bingo
Activity
Puzzle Library
Sporcle Events
Private Events
Virtual Trivia
Globe League
Become a Host
Pub Owners
SporcleCon
Opinionation
Our Games
Videos
Blog
Mobile Apps
Partnerships
Remove Ads and Go Orange
Feedback
Music
Pop Music
The Beatles
Song
Album
Lyrics
Bands
Singers
Artist
Clip
Rock
Rap
Classical
Billboard
Country Music
Kpop
Taylor Swift
Music
Pop Music
The Beatles
Song
Album
Lyrics
Bands
Singers
Artist
Clip
Rock
Rap
Classical
Billboard
Country Music
Kpop
Taylor Swift
Random Quiz
Search Sporcle
×
Quiz Lab
Quiz Lab
Music
heart
Type in answers that appear in a list
Type in answers that appear in a list
Classic
Best Score? Go Orange.
Kidnap My Heart Lyrics- Click 5 Stats
Can you name the Kidnap My Heart Lyrics?
By
Mexican303
12m
264 Questions
34 Plays
34 Plays
34 Plays
Comments
Comments
Give Quiz Kudos
Give Quiz Kudos
-
- Ratings
hide this ad
Replay
Link that replays current quiz
Next Quiz
Link to next quiz in quiz playlist
You Got
0%
They Got
Avg Score
75%
Avg Friend Score
Upgrade to see
Score Distribution
Jump to the score distribution portion of the page
Score
0/264
Timer
12:00
0
Plays Today
% Correct
my
97.1%
me
97.1%
me
97.1%
me
97.1%
me
97.1%
kidnap
97.1%
my
97.1%
me
97.1%
kidnap
97.1%
my
97.1%
my
97.1%
me
97.1%
kidnap
97.1%
my
97.1%
me
97.1%
me
97.1%
me
97.1%
me
97.1%
me
97.1%
kidnap
97.1%
my
97.1%
me
97.1%
kidnap
97.1%
my
97.1%
my
97.1%
me
97.1%
kidnap
97.1%
my
97.1%
me
97.1%
me
97.1%
me
97.1%
kidnap
97.1%
my
97.1%
me
97.1%
kidnap
97.1%
my
97.1%
my
97.1%
me
97.1%
kidnap
97.1%
my
97.1%
kidnap
97.1%
my
97.1%
kidnap
97.1%
my
97.1%
you
94.1%
you
94.1%
the
94.1%
the
94.1%
you
94.1%
the
94.1%
you
94.1%
you
94.1%
heart
94.1%
you
94.1%
heart
94.1%
the
94.1%
heart
94.1%
you
94.1%
you
94.1%
you
94.1%
you
94.1%
the
94.1%
you
94.1%
heart
94.1%
you
94.1%
heart
94.1%
the
94.1%
heart
94.1%
a
94.1%
you
94.1%
heart
94.1%
you
94.1%
heart
94.1%
the
94.1%
heart
94.1%
heart
94.1%
heart
94.1%
to
91.2%
to
91.2%
to
91.2%
to
91.2%
to
91.2%
to
91.2%
to
91.2%
to
91.2%
to
91.2%
your
88.2%
your
88.2%
% Correct
be
88.2%
in
88.2%
in
88.2%
be
88.2%
your
88.2%
in
88.2%
in
88.2%
in
88.2%
love
82.4%
it
82.4%
take
82.4%
take
82.4%
love
82.4%
love
82.4%
it
82.4%
take
82.4%
take
82.4%
love
82.4%
love
82.4%
it
82.4%
take
82.4%
take
82.4%
love
82.4%
do
79.4%
do
79.4%
way
76.5%
know
76.5%
dont
76.5%
with
76.5%
from
76.5%
dont
76.5%
with
76.5%
from
76.5%
dont
76.5%
with
76.5%
from
76.5%
how
73.5%
get
73.5%
i'll
73.5%
can
73.5%
get
73.5%
can
73.5%
of
73.5%
can
73.5%
hey
70.6%
i
70.6%
i
70.6%
all
70.6%
hey
70.6%
at
70.6%
away
70.6%
not
70.6%
i
70.6%
i
70.6%
at
70.6%
away
70.6%
not
70.6%
at
70.6%
away
70.6%
not
70.6%
girl
67.6%
whats
67.6%
best
67.6%
rest
67.6%
now
67.6%
shy
67.6%
but
67.6%
but
67.6%
make
67.6%
on
67.6%
but
67.6%
make
67.6%
i'm
67.6%
but
67.6%
make
67.6%
name
64.7%
looking
64.7%
wanna
64.7%
own
64.7%
work
64.7%
made
64.7%
up
64.7%
wanna
64.7%
made
64.7%
made
64.7%
think
61.8%
caught
61.8%
weekends
61.8%
% Correct
place
61.8%
keep
61.8%
never
61.8%
thought
61.8%
could
61.8%
cause
61.8%
very
61.8%
start
61.8%
could
61.8%
keep
61.8%
keep
61.8%
for
61.8%
never
61.8%
thought
61.8%
could
61.8%
cause
61.8%
very
61.8%
start
61.8%
cause
61.8%
thought
61.8%
never
61.8%
could
61.8%
cause
61.8%
very
61.8%
start
61.8%
pick
58.8%
line
58.8%
first
58.8%
sight
58.8%
happen
58.8%
believe
58.8%
dreams
58.8%
come
58.8%
true
58.8%
falling
58.8%
ain't
58.8%
far
58.8%
far
58.8%
dream
58.8%
here
58.8%
first
58.8%
sight
58.8%
happen
58.8%
believe
58.8%
dreams
58.8%
come
58.8%
true
58.8%
falling
58.8%
ain't
58.8%
far
58.8%
far
58.8%
first
58.8%
sight
58.8%
happen
58.8%
believe
58.8%
come
58.8%
dreams
58.8%
true
58.8%
falling
58.8%
ain't
58.8%
far
58.8%
far
58.8%
got
55.9%
ever
55.9%
got
55.9%
hold
55.9%
tight
55.9%
got
55.9%
hold
55.9%
us
55.9%
mine
52.9%
that
50%
tie
50%
down
50%
around
50%
company
50%
hand
50%
tighter
50%
real
50%
fighter
50%
tear
50%
apart
50%
more
47.1%
fun
47.1%
hanging
47.1%
put
47.1%
you've
44.1%
ride
38.2%
Quiz Playlist
Details
Report
Send in Message
Add To Playlist
Classic:
Type in answers that appear in a list
Last Updated: Feb 16, 2017
Quiz Scoreboard
CHALLENGE
Sign Up to Join the Scoreboard
Show All
Scores
Hide
Comments
May contain spoilers
Recently Published
Colored Red Africa Blitz
by spor1
Geography
30s
Find the 'City' Movie
by crazypaving
Movies
60s
5x2 Blitz: Bands
by SL_Kpop136
Music
30s
More to Explore
Quiz From the Vault
Featured Blog Post
14 Easter Pick-up Lines to Find Eggs With
hide this ad
You Might Also Like...
Tags
heart
kidnap
Today's Top Quizzes in Music
Browse Music
hide this ad
Today's Top Quizzes in heart
Browse heart
Top Contributed Quizzes in Music
1
5X2 Blitz: Bands II
2
Taylor Swift Logic Puzzle II
3
Taylor Swift All Songs (2024)
4
5X2 Blitz: The Beatles
5
5X2 Blitz: Billboard
6
5X2 Blitz: Singers
7
5X2 Blitz: Album
8
5X2 Blitz: Rock
9
Music Artist by Three 2010s hits
10
5X2 Blitz: Billboard II
Explore More
Trending Topics
Disney
Harry Potter
Anime
Kpop
Marvel
NBA
Crossword
Country
NFL
Pokémon
WWE
Song
Puzzle
The Office
Soccer
hide this ad
More By:
Mexican303
Quiz
Plays
Rating
Category
Featured
Created
Shah Rukh Khan Movie Characters
637
Movies
Apr 19, 2012
Kidnap My Heart Lyrics- Click 5
34
3.00
Music
Jun 6, 2011
Riddles for Russian 18 year olds
22
Just For Fun
Apr 25, 2012
PREFIXES
5
Language
May 14, 2013
Go to Creator's Profile
Score Distribution
Quiz Creator Spotlight
Mexican303
Follow
Send a Message
Quizzes Created
-
Created Quiz Play Count
-
More By This Creator
Popular Quizzes Today
1
Find the 'City' Movie
2
5x2 Blitz: Bands
3
Colored Red Africa Blitz
4
Find the US States - No Outlines Minefield
5
The Countries of the World
6
Find the US States
7
9x9 Crossword: Cartoon Network
8
US States
More Music Quizzes
Kelsea Ballerini Songs By Any Word
Curator's Pick
Trending Quizzes
Colored Red Europe Blitz I
Colored Red Africa Blitz II
Colored Red Africa Blitz III
Colored Red Europe Blitz III
Colored Red Europe Blitz II
Recently Updated
Champions League XIs: Real Madrid
pecheneg
Largest US Cities 1790-2010
pecheneg
Rides in Walt Disney World
pecheneg
Most Oscar Losses (Acting)
pecheneg
Beyoncé Albums
pecheneg
Leaping Animals
pecheneg
Reality TV Shows (A-Z)
bhenderson79
Rickey Henderson's Hall of Fame Teammates
pecheneg
Champions League XIs: Arsenal
pecheneg
Quick Pick: Celebrities in WWE's Hall of Fame
aduchscher
Trending Topics
Anime
Kpop
Marvel
Crossword
NBA
Disney
Harry Potter
WWE
NFL
Pokémon
Puzzle
Song
The Office
Country
Soccer
Your Account Isn't Verified!
In order to create a playlist on Sporcle, you need to verify the email address you used during registration. Go to your
Sporcle Settings
to finish the process.
Report this User
Report this user for behavior that violates our
Community Guidelines
.
Details:
Send Report
Go to the Sporcle.com Mobile Site →
Comments